00417cam a22001337a 4500008004000000082001500040100002000055245004500075260002700120300001000147650002100157999001900178952008600197180718b1963 xxu||||| |||| 00| 0 eng d aR8x73 Su59 aSultan, Paul E. aDisenchanted unionistcby Paul E. Sultan aNew YorkbHarperc1963 a272p. aFormer Unionists c434940d434940 00104070aIIPAbIIPAd2010-02-19oR8x73 Su59p35229r2018-07-21w2018-07-21yBK